Normal view
MARC view
- الظاهر،زكريا محمد مؤلف/تمرجيان،جاكلين م.مشارك/عبد الهادي،جودت عزت م.مؤلف/منيجل،عبدالله مراجع
Entry Personal Name
001 - CONTROL NUMBER
- control field: 16751
003 - CONTROL NUMBER IDENTIFIER
- control field: JO-AjAnu
005 - DATE AND TIME OF LATEST TRANSACTION
- control field: 20230606072954.0
008 - FIXED-LENGTH DATA ELEMENTS
- fixed length control field: 230606|| aca||aabn | a|a d
040 ## - CATALOGING SOURCE
- Original cataloging agency: JO-AjAnu
- Transcribing agency: JO-AjAnu
100 ## - HEADING--PERSONAL NAME
- Personal name: الظاهر،زكريا محمد مؤلف/تمرجيان،جاكلين م.مشارك/عبد الهادي،جودت عزت م.مؤلف/منيجل،عبدالله مراجع
670 ## - SOURCE DATA FOUND
- Source citation: Work cat.: (JO-AjAnu)8602: الظاهر،زكريا محمد مؤلف/تمرجيان،جاكلين م.مشارك/عبد الهادي،جودت عزت م.مؤلف/منيجل،عبدالله مراجع, author, مبادئ القياس والتقويم في التربية